Pays par migration nette - Statistiques

Statistiques générales
  • Ce quiz a été pris 48 fois
  • Le résultat moyen est 17 sur 30
Statistiques - réponses
Pays Nombre % Correct
1 États-Unis 1 286 132
80%
20 France 90 527
80%
5 Canada 368 599
78%
18 Espagne 111 674
78%
19 Italie 95 246
78%
29 Allemagne 36 954
75%
8 Iran 190 156
70%
4 Royaume-Uni 417 114
70%
2 Ukraine 1 146 012
70%
12 Japon 153 357
65%
27 Suisse 40 099
65%
24 Suède 50 115
63%
14 Australie 138 510
60%
21 Corée 75 963
60%
3 Syrie 564 594
60%
16 Arabie saoudite 122 170
58%
30 Belgique 36 243
55%
26 Norvège 44 356
55%
17 Pays-Bas 121 628
53%
15 Egypte 123 884
50%
6 Émirats arabes unis 278 439
50%
28 Irlande 39 059
50%
25 Qatar 46 105
45%
10 Afrique du Sud 166 972
40%
13 Colombie 141 643
40%
23 Chili 58 316
33%
11 Oman 154 219
28%
7 Tchad 204 040
25%
22 Koweït 61 624
20%
9 Malaisie 174 770
15%
Aucun quiz correspondant
Distribution des résultats
% des personnes avec chaque résultat
Percentile par nombre de réponses
Votre historique - résultats
Vous n’avez pas pris ce quiz